<The> Effects of Negative Equity on the Business Performance in Slovakia

Hodnotenie výkonnosti podnikov pomocou vhodne zvolených ukazovateľov výkonnosti. Analýza vplyvu záporného vlastného imania na výkonnosť podnikania na Slovensku. Identifikácia korelácie medzi negatívnym kapitálom a výkonnosťou podniku pomocou korelačnej analýzy, najmä priamou závislosťou oblasti bank...

Descrizione completa

Salvato in:
Dettagli Bibliografici
Autore principale: Tasáryová, Katarína, 1995-
Altri autori: Pakšiová, Renáta, 1974-
Natura: Capitolo di libro
Lingua:inglese
Soggetti:
Tags: Aggiungi Tag
Nessun Tag, puoi essere il primo ad aggiungerne!!

MARC

LEADER 00000naa$a2200000$$$4500
001 0267643
005 20240502083802.4
041 0 |a eng 
044 |a AT 
245 1 0 |a <The> Effects of Negative Equity on the Business Performance in Slovakia  |c Katarína Tasáryová, Renáta Pakšiová 
520 |a Hodnotenie výkonnosti podnikov pomocou vhodne zvolených ukazovateľov výkonnosti. Analýza vplyvu záporného vlastného imania na výkonnosť podnikania na Slovensku. Identifikácia korelácie medzi negatívnym kapitálom a výkonnosťou podniku pomocou korelačnej analýzy, najmä priamou závislosťou oblasti bankrotu podľa Altmanovho Z-skóre voči negatívnemu kapitálu. Možné spôsoby, ako zlepšiť finančnú situáciu vlastných zdrojov podniku a zabrániť jeho likvidácii. 
610 2 0 |a výkonnosť 
610 2 0 |a imanie vlastné 
610 2 0 |a analýza finančná 
610 2 0 |a metóda Altmanova 
610 2 0 |a podnik 
610 2 0 |a kapitál vlastný 
610 2 0 |a Slovensko 
610 2 0 |a analýza korelačná 
100 1 |a Tasáryová, Katarína, 1995- 
700 1 |a Pakšiová, Renáta, 1974-